[Event "Biella op 6th"]
[Site "Biella"]
[Date "2015.09.27"]
[Round "4"]
[White "D'Avino, Gianfranco"]
[Black "Razzano, Lorenzo"]
[Result "1-0"]
[WhiteElo "2082"]
[BlackElo "1938"]
[PlyCount "39"]
[EventDate "2015.09.25"]
[EventType "swiss"]
[EventRounds "5"]
[EventCountry "ITA"]
[SourceTitle "EXT 2016"]
[Source "ChessBase"]
[SourceDate "2015.10.08"]
[SourceVersion "1"]
[SourceVersionDate "2015.10.08"]
[SourceQuality "1"]

1. e4 e5 2. Nf3 Nc6 3. d4 exd4 4. Nxd4 Nf6 5. Nxc6 bxc6 6. e5 Qe7 7. Qe2 Nd5 8. c4 Nb6 9. Nc3 Qe6 10. Qe4 a5 11. Bd3 Ba6 12. b3 Bb4 13. Bd2 d5 14. exd6 cxd6 15. 0-0-0 Bb7 16. Qh4 Kd7 17. Rhe1 Qf6 18. Qxf6 gxf6 19. Bf5+ Kd8 20. Ne4 1-0

[Event "Bratto op 34th"]
[Site "Bratto"]
[Date "2014.08.29"]
[Round "8"]
[White "Gentili, Gianguido"]
[Black "Razzano, Lorenzo"]
[Result "0-1"]
[WhiteElo "2099"]
[BlackElo "1990"]
[PlyCount "136"]
[EventDate "2014.08.22"]
[EventType "swiss"]
[EventRounds "9"]
[EventCountry "ITA"]
[SourceTitle "EXT 2016"]
[Source "ChessBase"]
[SourceDate "2015.10.08"]
[SourceVersion "1"]
[SourceVersionDate "2015.10.08"]
[SourceQuality "1"]

1. e4 d6 2. d4 Nf6 3. Nc3 Nbd7 4. Nf3 e5 5. h3 Be7 6. Be3 c6 7. a4 a5 8. Be2 Qc7 9. Qd2 0-0 10. 0-0 Re8 11. Rfd1 Bf8 12. dxe5 dxe5 13. Nh2 Nc5 14. Bf3 Be6 15. Qe2 Nfd7 16. Bg4 Nf6 17. Bxe6 Nxe6 18. Ng4 Nxg4 19. hxg4 Bc5 20. Bxc5 Nxc5 21. Qe3 Ne6 22. Ne2 Rad8 23. g3 Rxd1+ 24. Rxd1 Rd8 25. Rd3 Rxd3 26. Qxd3 h6 27. b3 Kf8 28. Kg2 Ke7 29. Qd2 Qb6 30. Qc3 Qc5 31. Qxc5+ Nxc5 32. Kf3 Kd6 33. Ke3 Ne6 34. Kd3 Kc5 35. Nc3 Nd4 36. Nb1 b5 37. Nd2 Ne6 38. Kc3 f6 39. Nb1 g6 40. Nd2 Ng5 41. f4 exf4 42. gxf4 Nh3 43. f5 gxf5 44. exf5 Nf2 45. Nf1 Nxg4 46. Ng3 Kd5 47. Kd3 Ke5 48. b4 bxa4 49. bxa5 Kd6 50. Kc4 Ne3+ 51. Kb4 Nxc2+ 52. Kxa4 Nd4 53. Kb4 c5+ 54. Kc4 Kc6 55. a6 Nb5 56. Nh5 Nd6+ 57. Kd3 Nxf5 58. Nxf6 Nd6 59. Nd7 c4+ 60. Kd2 Nb5 61. Ne5+ Kd5 62. Nxc4 Kxc4 63. Ke3 Kd5 64. Kf4 Kc6 65. Kf5 Nd6+ 66. Ke6 Nf7 67. Kxf7 h5 68. Ke6 h4 0-1

[Event "Bratto op 34th"]
[Site "Bratto"]
[Date "2014.08.25"]
[Round "4"]
[White "Razzano, Lorenzo"]
[Black "Ventura, Salvatore"]
[Result "0-1"]
[WhiteElo "1990"]
[BlackElo "2059"]
[PlyCount "52"]
[EventDate "2014.08.22"]
[EventType "swiss"]
[EventRounds "9"]
[EventCountry "ITA"]
[SourceTitle "EXT 2016"]
[Source "ChessBase"]
[SourceDate "2015.10.08"]
[SourceVersion "1"]
[SourceVersionDate "2015.10.08"]
[SourceQuality "1"]

1. e4 c5 2. Nf3 Nc6 3. d4 cxd4 4. Nxd4 g6 5. Nc3 Bg7 6. Nde2 Nf6 7. g3 0-0 8. Bg2 d6 9. 0-0 Qa5 10. Nf4 Bg4 11. f3 Bd7 12. Be3 Rac8 13. Rb1 Rfe8 14. Nfd5 Nxd5 15. exd5 Ne5 16. Bd4 Rc4 17. Kh1 Bf5 18. Bxe5 Bxe5 19. Qe2 Qc5 20. f4 Bxc3 21. bxc3 Rxc3 22. Rxb7 Rxc2 23. Qa6 Rxg2 24. Kxg2 Be4+ 25. Kh3 Qxd5 26. Rb5 Bg2+ 0-1

[Event "Milan Palladino Memorial-A 6th"]
[Site "Milan"]
[Date "2014.04.19"]
[Round "3"]
[White "Colica, Daniele"]
[Black "Razzano, Lorenzo"]
[Result "0-1"]
[WhiteElo "1727"]
[BlackElo "1997"]
[PlyCount "108"]
[EventDate "2014.04.17"]
[EventType "swiss"]
[EventRounds "7"]
[EventCountry "ITA"]
[SourceTitle "EXT 2015"]
[Source "ChessBase"]
[SourceDate "2014.11.20"]
[SourceVersion "1"]
[SourceVersionDate "2014.11.20"]
[SourceQuality "1"]

1. Nf3 c5 2. b3 Nf6 3. Bb2 g6 4. e3 Bg7 5. Be2 Nc6 6. 0-0 0-0 7. d4 Ne4 8. Nbd2 d5 9. c4 cxd4 10. exd4 e6 11. a3 b6 12. Qc2 Nxd2 13. Qxd2 Na5 14. Qc2 Ba6 15. Nd2 Rc8 16. Rac1 dxc4 17. bxc4 Bxd4 18. Rfd1 Bxb2 19. Qxb2 Qh4 20. Nf3 Qe7 21. Ne5 Nc6 22. Nd7 e5 23. Nxf8 Rxf8 24. Rd5 Nd4 25. f4 Nxe2+ 26. Qxe2 Qxa3 27. Rf1 exf4 28. Rxf4 Qc1+ 29. Qf1 Qxf1+ 30. Kxf1 Rc8 31. Ke1 Bxc4 32. Rd7 a5 33. Rfd4 Kg7 34. Rd8 Rc5 35. Kd2 b5 36. Ra8 a4 37. Ra7 Bb3 38. Rdd7 Rc2+ 39. Ke3 Rxg2 40. Rd2 Rxd2 41. Kxd2 g5 42. Kc3 Bc4 43. Rc7 a3 44. Rc5 Kg6 45. Rc6+ f6 46. Rb6 a2 47. Kb2 g4 48. Rb8 h5 49. Rb6 h4 50. Rd6 Kg5 51. Rd7 g3 52. hxg3 hxg3 53. Rc7 Kg4 54. Rg7+ Kf3 0-1

[Event "Milan Palladino Memorial-A 6th"]
[Site "Milan"]
[Date "2014.04.17"]
[Round "1"]
[White "Razzano, Lorenzo"]
[Black "Formento, Paolo"]
[Result "0-1"]
[WhiteElo "1997"]
[BlackElo "2204"]
[PlyCount "42"]
[EventDate "2014.04.17"]
[EventType "swiss"]
[EventRounds "7"]
[EventCountry "ITA"]
[SourceTitle "EXT 2015"]
[Source "ChessBase"]
[SourceDate "2014.11.20"]
[SourceVersion "1"]
[SourceVersionDate "2014.11.20"]
[SourceQuality "1"]

1. e4 e6 2. d4 d5 3. Nc3 Bb4 4. Qd3 Nf6 5. exd5 exd5 6. Bd2 0-0 7. Nge2 b6 8. g3 c5 9. 0-0-0 c4 10. Qf3 Bg4 11. Qg2 Bxc3 12. Bxc3 Nc6 13. h3 Bxe2 14. Bxe2 b5 15. f3 b4 16. Be1 Qa5 17. Kb1 Rab8 18. Qf2 Rb6 19. Bd2 Ra6 20. a3 Qa4 21. Qe3 Re8 0-1

[Event "Novara op-A"]
[Site "Novara"]
[Date "2013.11.02"]
[Round "2"]
[White "Razzano, Lorenzo"]
[Black "Montilli, Vincenzo"]
[Result "1/2-1/2"]
[WhiteElo "1987"]
[BlackElo "2020"]
[PlyCount "116"]
[EventDate "2013.11.01"]
[EventType "swiss"]
[EventRounds "5"]
[EventCountry "ITA"]
[SourceTitle "EXT 2014"]
[Source "ChessBase"]
[SourceDate "2013.11.20"]
[SourceVersion "1"]
[SourceVersionDate "2013.11.20"]
[SourceQuality "1"]

1. e4 c5 2. Nf3 d6 3. d4 cxd4 4. Nxd4 Nf6 5. Nc3 a6 6. h3 e6 7. g4 d5 8. exd5 Nxd5 9. Bd2 Bb4 10. Nde2 Nxc3 11. Bxc3 Qe7 12. Qd4 Bxc3+ 13. Nxc3 0-0 14. 0-0-0 Nc6 15. Qe3 Rb8 16. Bg2 Qc7 17. Qc5 Bd7 18. Qd6 Qxd6 19. Rxd6 Rfd8 20. Rhd1 Be8 21. Ne4 Kf8 22. Rxd8 Nxd8 23. Nc5 Ke7 24. f4 a5 25. b3 b6 26. Nd3 Rc8 27. Kb2 b5 28. c3 Rc7 29. Rc1 Rd7 30. Bf1 Rd6 31. c4 bxc4 32. bxc4 f6 33. Kc3 Rb6 34. Bg2 Nc6 35. Rc2 a4 36. Rb2 Rxb2 37. Nxb2 a3 38. Nd3 Kd6 39. c5+ Kc7 40. Kb3 Nd4+ 41. Kxa3 Nc2+ 42. Kb3 Ne3 43. Bf3 Bb5 44. Kc3 g6 45. h4 Be8 46. g5 fxg5 47. hxg5 Bb5 48. Nf2 Nf5 49. Ng4 Bf1 50. Nf6 h5 51. gxh6 Nxh6 52. Kd4 Nf7 53. Be4 g5 54. fxg5 Nxg5 55. a4 Nxe4 56. Nxe4 Kc6 57. Nd2 e5+ 58. Kxe5 Kxc5 1/2-1/2

[Event "Biella op-A 4th"]
[Site "Biella"]
[Date "2013.09.28"]
[Round "3"]
[White "Pulito, Alberto"]
[Black "Razzano, Lorenzo"]
[Result "1/2-1/2"]
[WhiteElo "2285"]
[BlackElo "1988"]
[PlyCount "170"]
[EventDate "2013.09.27"]
[EventType "swiss"]
[EventRounds "5"]
[EventCountry "ITA"]
[SourceTitle "CBM 156 Extra"]
[Source "ChessBase"]
[SourceDate "2013.10.22"]
[SourceVersion "1"]
[SourceVersionDate "2013.10.22"]
[SourceQuality "1"]

1. e4 g6 2. d4 Bg7 3. c3 d6 4. Nf3 Nf6 5. Bd3 0-0 6. 0-0 Nc6 7. Qe2 e5 8. dxe5 Nxe5 9. Nxe5 dxe5 10. a4 a5 11. Na3 Be6 12. Bg5 h6 13. Bh4 c6 14. Bc4 Qe7 15. Rfd1 Rfd8 16. f3 g5 17. Bf2 Nh5 18. Bb6 Nf4 19. Qe3 Rxd1+ 20. Rxd1 g4 21. Bxe6 Qxe6 22. fxg4 Nxg2 23. Qf3 Nf4 24. Be3 Re8 25. Rf1 Re7 26. Rd1 Re8 27. Rd2 Bf6 28. Qd1 Bg5 29. Kh1 Qg6 30. Qf3 Ne6 31. Nc4 Nf4 32. Rd1 Qe6 33. Nxa5 Qa2 34. Nxb7 Qxa4 35. Nc5 Qc2 36. Rf1 Rb8 37. b4 Qxc3 38. h4 Bxh4 39. Bxf4 Qxf3+ 40. Rxf3 exf4 41. Nd3 Bg5 42. Kg2 Kg7 43. Rf2 Kf6 44. Rc2 Rb6 45. Kf3 Ke6 46. Nxf4+ Kd6 47. Nd3 Rb5 48. Ra2 Rb7 49. Ke2 Bf6 50. Kd2 Bd4 51. Ra8 Bf6 52. Ra5 Re7 53. Ke3 Bg5+ 54. Kd4 Rd7 55. e5+ Kc7+ 56. Ke4 Kb6 57. Nb2 Bd2 58. Nc4+ Kb7 59. Ra4 Bc3 60. Nd6+ Kb6 61. Kf5 Bd2 62. Kf6 Bg5+ 63. Kf5 Bd2 64. Kf6 Bg5+ 65. Kf5 Bd2 66. Ra8 Bxb4 67. Rb8+ Kc5 68. Kf6 Bc3 69. Ne4+ Kc4 70. Nxc3 Kxc3 71. Rc8 Kd4 72. Rxc6 Ke4 73. Rc4+ Kd5 74. Ra4 Rb7 75. Kf5 Rb1 76. Ra5+ Kd4 77. Kf6 Rf1+ 78. Kg7 Re1 79. Kxf7 Rxe5 80. Ra4+ Kd5 81. Kg6 Re6+ 82. Kh5 Rb6 83. Rf4 Ke5 84. Rf5+ Ke4 85. Rf8 Ra6 1/2-1/2

[Event "Biella op-A 4th"]
[Site "Biella"]
[Date "2013.09.27"]
[Round "1"]
[White "Damia, Angelo"]
[Black "Razzano, Lorenzo"]
[Result "1/2-1/2"]
[WhiteElo "2227"]
[BlackElo "1988"]
[PlyCount "57"]
[EventDate "2013.09.27"]
[EventType "swiss"]
[EventRounds "5"]
[EventCountry "ITA"]
[SourceTitle "CBM 156 Extra"]
[Source "ChessBase"]
[SourceDate "2013.10.22"]
[SourceVersion "1"]
[SourceVersionDate "2013.10.22"]
[SourceQuality "1"]

1. e4 g6 2. d4 Bg7 3. Nc3 a6 4. Bc4 d6 5. Qf3 e6 6. Nge2 b5 7. Bb3 Bb7 8. Be3 Nd7 9. Rd1 Ngf6 10. h4 b4 11. Nb1 Nxe4 12. h5 Nec5 13. Qh3 Nxb3 14. hxg6 hxg6 15. Qxh8+ Bxh8 16. Rxh8+ Nf8 17. Bh6 Qh4 18. axb3 0-0-0 19. g3 Qf6 20. Rxf8 Rxf8 21. Bxf8 Kd7 22. c3 Qh8 23. Bxd6 cxd6 24. cxb4 Bf3 25. Nbc3 Qb8 26. b5 axb5 27. Rd3 Bxe2 28. Kxe2 b4 29. Ne4 1/2-1/2

[Event "Quarantennale op"]
[Site "Cirie"]
[Date "2013.04.28"]
[Round "3"]
[White "Coqueraut, Lodewyk"]
[Black "Razzano, Lorenzo"]
[Result "0-1"]
[WhiteElo "1813"]
[BlackElo "1997"]
[PlyCount "84"]
[EventDate "2013.04.27"]
[EventType "swiss"]
[EventRounds "6"]
[EventCountry "ITA"]
[SourceTitle "EXT 2014"]
[Source "ChessBase"]
[SourceDate "2013.11.20"]
[SourceVersion "1"]
[SourceVersionDate "2013.11.20"]
[SourceQuality "1"]

1. e4 c5 2. Nf3 Nc6 3. d4 cxd4 4. Nxd4 Nf6 5. Nc3 e5 6. Nf5 d5 7. Ng3 d4 8. Bg5 dxc3 9. Qxd8+ Kxd8 10. bxc3 Be6 11. Nh5 Ke7 12. Bb5 h6 13. Bxf6+ gxf6 14. Bxc6 bxc6 15. Rb1 Bc8 16. 0-0 Ke6 17. f4 Ba6 18. f5+ Ke7 19. Rf2 Rg8 20. c4 Rg5 21. Ng3 Ke8 22. Rf3 Bc5+ 23. Kh1 Rd8 24. Rd3 h5 25. Rxd8+ Kxd8 26. Rb8+ Bc8 27. Ne2 Bb6 28. c5 Bxc5 29. Rb3 Kc7 30. h3 h4 31. Nc1 Rg3 32. Nd3 Bd6 33. Nf2 Rxb3 34. axb3 Kb6 35. Ng4 Be7 36. Nh6 Kc5 37. Nxf7 Kd4 38. Nh6 Kxe4 39. Ng4 Kxf5 40. Kg1 Kf4 41. Kf1 Bxg4 42. hxg4 Ke3 0-1

[Event "Quarantennale op"]
[Site "Cirie"]
[Date "2013.04.27"]
[Round "2"]
[White "Razzano, Lorenzo"]
[Black "Pulito, Alberto"]
[Result "0-1"]
[WhiteElo "1997"]
[BlackElo "2263"]
[PlyCount "120"]
[EventDate "2013.04.27"]
[EventType "swiss"]
[EventRounds "6"]
[EventCountry "ITA"]
[SourceTitle "EXT 2014"]
[Source "ChessBase"]
[SourceDate "2013.11.20"]
[SourceVersion "1"]
[SourceVersionDate "2013.11.20"]
[SourceQuality "1"]

1. Nf3 Nf6 2. c4 e6 3. g3 d5 4. Bg2 Be7 5. b3 c5 6. e3 b6 7. 0-0 Bb7 8. Bb2 Nbd7 9. Qe2 0-0 10. d3 Qc7 11. Nbd2 Rfd8 12. Rfd1 Rac8 13. h3 Qb8 14. e4 Bf8 15. Nh2 dxe4 16. dxe4 e5 17. Nb1 g6 18. Nc3 Bg7 19. Nf1 Nf8 20. Nd5 Nxd5 21. exd5 Re8 22. g4 Rcd8 23. Ng3 h6 24. Be4 Bc8 25. Kg2 h5 26. g5 h4 27. Nf1 Bf5 28. Nh2 Qc8 29. Ng4 Nh7 30. Bc1 f6 31. gxf6 Nxf6 32. Nxf6+ Bxf6 33. Qf3 Rf8 34. Bxf5 Qxf5 35. Qxf5 gxf5 36. Bb2 Kf7 37. Kf1 e4 38. Bxf6 Kxf6 39. Ke2 Ke5 40. Rg1 b5 41. Rad1 bxc4 42. bxc4 Rb8 43. d6 Rb2+ 44. Kf1 Rd8 45. Rd5+ Kf6 46. Kg2 Rb6 47. Rgd1 Rd7 48. Rxc5 Rbxd6 49. Rb1 Rf7 50. Rbb5 Kg5 51. Kf1 Kf4 52. Ke2 Rd3 53. Rb3 Rfd7 54. Rcb5 Rd2+ 55. Kf1 Rd1+ 56. Kg2 Rg7+ 57. Kh2 Rg5 58. Rd5 Rf1 59. Rb2 Rgg1 60. f3 Rh1+ 0-1

[Event "Ceriano Laghetto op 22nd"]
[Site "Ceriano Laghetto"]
[Date "2013.03.03"]
[Round "4"]
[White "Razzano, Lorenzo"]
[Black "Miracola, Massimiliano"]
[Result "1-0"]
[WhiteElo "2007"]
[BlackElo "2143"]
[PlyCount "67"]
[EventDate "2013.03.01"]
[EventType "swiss"]
[EventRounds "5"]
[EventCountry "ITA"]
[SourceTitle "EXT 2014"]
[Source "ChessBase"]
[SourceDate "2013.11.20"]
[SourceVersion "1"]
[SourceVersionDate "2013.11.20"]
[SourceQuality "1"]

1. e4 e5 2. Nf3 Nc6 3. Bb5 a6 4. Ba4 Nf6 5. d3 Bc5 6. 0-0 b5 7. Bb3 d6 8. c3 0-0 9. Bg5 h6 10. Bh4 g5 11. Nxg5 hxg5 12. Bxg5 Bg4 13. Qd2 Be6 14. Kh1 Kh7 15. f4 Rg8 16. Qe1 Rxg5 17. fxg5 Ng8 18. Qh4+ Kg7 19. Bxe6 fxe6 20. Rf3 Qe8 21. g6 Nh6 22. Qf6+ Kg8 23. Nd2 Qe7 24. Raf1 Qxf6 25. Rxf6 Ng4 26. Rf7 Nf2+ 27. R1xf2 Bxf2 28. Rxf2 Rf8 29. Rxf8+ Kxf8 30. h4 Kg7 31. h5 Kh6 32. g4 Kg5 33. Kg2 Ne7 34. Kg3 1-0

[Event "Biella op 3rd"]
[Site "Biella"]
[Date "2012.09.29"]
[Round "2"]
[White "Aghayev, Miragha"]
[Black "Razzano, Lorenzo"]
[Result "1-0"]
[WhiteElo "2177"]
[BlackElo "1962"]
[PlyCount "47"]
[EventDate "2012.09.28"]
[EventType "swiss"]
[EventRounds "9"]
[EventCountry "ITA"]
[SourceTitle "EXT 2013"]
[Source "ChessBase"]
[SourceDate "2012.11.22"]
[SourceVersion "1"]
[SourceVersionDate "2012.11.22"]
[SourceQuality "1"]

1. e4 e5 2. Nf3 Nc6 3. d4 exd4 4. Nxd4 Qh4 5. Nc3 Bb4 6. Ndb5 Ba5 7. Qd3 a6 8. g3 Qf6 9. Na3 Ne5 10. Qe3 Ng4 11. Qd2 Bxc3 12. bxc3 Nxf2 13. Qxf2 Qxc3+ 14. Qd2 Qxa1 15. c3 b5 16. Bd3 b4 17. Nb1 b3 18. a3 Qa2 19. Bb2 Ne7 20. c4 Nc6 21. Nc3 Nd4 22. 0-0 Qxb2 23. Qxb2 Rb8 24. Qf2 1-0

[Event "Novara op 1st"]
[Site "Novara"]
[Date "2011.11.05"]
[Round "2"]
[White "Razzano, Lorenzo"]
[Black "Rovedi, Mauro"]
[Result "0-1"]
[WhiteElo "1941"]
[BlackElo "2040"]
[PlyCount "76"]
[EventDate "2011.11.04"]
[EventType "swiss"]
[EventRounds "5"]
[EventCountry "ITA"]
[SourceTitle "EXT 2012"]
[Source "ChessBase"]
[SourceDate "2011.11.24"]
[SourceVersion "1"]
[SourceVersionDate "2011.11.24"]
[SourceQuality "1"]

1. Nc3 d5 2. e4 d4 3. Nce2 c5 4. Ng3 Nc6 5. Bc4 Ne5 6. Bb5+ Bd7 7. Bxd7+ Qxd7 8. f4 Nc6 9. d3 e5 10. Nf3 Bd6 11. Nf5 f6 12. g3 g6 13. Nxd6+ Qxd6 14. Qe2 Nge7 15. 0-0 0-0 16. fxe5 Nxe5 17. Nxe5 Qxe5 18. Bh6 Rf7 19. Rf2 Rc8 20. Raf1 Rc6 21. Qg4 Qe6 22. Qf4 Qc8 23. Qh4 Qe6 24. g4 a6 25. Qg3 Kh8 26. Kh1 Ng8 27. Bd2 Qxa2 28. Bc1 Qe6 29. g5 f5 30. Bf4 Ne7 31. Be5+ Kg8 32. Bf6 fxe4 33. Bxe7 Rxf2 34. Rxf2 Qxe7 35. dxe4 Qxe4+ 36. Kg1 Re6 37. Qc7 Qg4+ 38. Kf1 Qh3+ 0-1

[Event "Ivrea Autumn 22th"]
[Site "Ivrea"]
[Date "2011.10.17"]
[Round "4"]
[White "Ranieri, Fabrizio"]
[Black "Razzano, Lorenzo"]
[Result "1-0"]
[WhiteElo "2299"]
[BlackElo "1927"]
[PlyCount "53"]
[EventDate "2011.09.??"]
[EventType "swiss"]
[EventRounds "8"]
[EventCountry "ITA"]
[SourceTitle "EXT 2024"]
[Source "ChessBase"]
[SourceDate "2023.10.10"]
[SourceVersion "1"]
[SourceVersionDate "2023.10.10"]
[SourceQuality "1"]

1. e4 c5 2. Nf3 d6 3. d4 cxd4 4. Nxd4 Nf6 5. Nc3 g6 6. Bg5 Bg7 7. Bb5+ Bd7 8. Qe2 a6 9. Bxd7+ Nbxd7 10. 0-0-0 Rc8 11. Nb3 0-0 12. f4 Rxc3 13. bxc3 Qc7 14. Rd3 a5 15. Re1 a4 16. Nd2 Qc5 17. Nb1 h6 18. Bh4 Qc4 19. a3 Nc5 20. Rd4 Qa2 21. Qc4 Qa1 22. e5 Rc8 23. exf6 Nb3+ 24. cxb3 Rxc4 25. bxc4 exf6 26. Rd2 f5 27. Ree2 1-0